000
00263nam a2200109Ia 4500
001
588671
005
20250717120836.0
008
250717s9999 xx 000 0 und d
245
0
_a
Y-2 OTTOMAN
_c
ERHAN AFYONCU
260
_b
YEDİTEPE YAYINLARI
_c
2020
300
_b
321
999
_c
588671
_d
588671